000 00602nam a2200193Ii 4500
003 JO-AjNU
008 230605s9999||||xx |||||||||||||| ||und||
040 _aJO-AjNU
_bara
_erda
_cJO-AjNU
041 _aara
050 1 4 _aQC21.2.F59 2007
100 3 _aوشاح ، خليل/ م مشارك معروف عبدالله ,
_eauthor
_941558
245 0 0 _aالفيزياء العامة
264 3 1 _aعمان:دار الفكر ، 2007
300 _a422ص
336 _atext
_btxt
_2rdacontent
337 _aunmediated
_bn
_2rdamedia
338 _avolume
_bnc
_2rdacarrier
650 4 _aالفيزياء
_941559
999 _aA17727
_c21295
_d21295